00478nam a2200181Ia 450000500170000000800410001704000190005804100120007708200190008910000160010824500280012426000280015230000120018050400400019265000190023265100350025185000100028620221119110143.0131103s9999 xx 000 0 und d aLoreto College aEnglish a821.7bWOR-BUR aBurra,Peter aWordsworthcPeter Burra aLondonbDuckworthc1950 a160 p.  aIncludes bibliographical references aEnglish Poetry a18th century poet - Wordsworth aLCLIB